Biblioteca

Exposition of the holy gospel according to Saint Luke (Registro nro. 66217)

Detalles MARC
000 -LÍDER
Campo fijo de descripción fija 01652cam a2200409 i 4500
001 - NÚMERO DE CONTROL
Campo de control 768714001
003 - IDENTIFICADOR DEL NÚMERO DE CONTROL
Campo de control CO-MdFUSB
005 - FECHA Y HORA DE LA ULTIMA TRANSACCIÓN
control field 20210518155323.0
007 - CAMPO FIJO DE DESCRIPCIÓN FIJA--INFORMACIÓN GENERAL
Campo fijo de descripción fija ta
008 - ELEMENTOS DE LONGITUD FIJA -- INFORMACIÓN GENERAL
Campo fijo de descripción fija -- Información general 050310t1998 caua| b 000 0 eng d
020 ## - NÚMERO INTERNACIONAL NORMALIZADO PARA LIBROS
Número Internacional Normalizado del libro 0911165304
020 ## - NÚMERO INTERNACIONAL NORMALIZADO PARA LIBROS
Número Internacional Normalizado del libro 9780911165302
040 ## - FUENTE DE CATALOGACIÓN
Agencia de catalogación original VA@
Idioma de catalogación eng
Agencia que realiza la transcripción CO-MdFUSB
Agencia que realiza la modificación OCLCG
-- CO-MdFUSB
-- LML
Convenciones de la descripción rda
040 ## - FUENTE DE CATALOGACIÓN
Agencia de catalogación original VA@
Idioma de catalogación eng
Agencia que realiza la transcripción CO-MdFUSB
Agencia que realiza la modificación OCLCG
-- LML
Convenciones de la descripción rda
041 1# - CÓDIGO DE IDIOMA
Código de idioma para texto/pista de sonido o título separado eng
Código de idioma original lat
082 ## - NÚMERO DE CLASIFICACIÓN DECIMAL DEWEY
Número de la edición del Dewey 23
Número de clasificación 226.407
Clave de autor-Numero de item A496
090 ## - SIGNATURA TOPOGRÁFICA LOCAL
Número de clasificación local BS2595
100 0# - ASIENTO PRINCIPAL--NOMBRE PERSONAL
Nombre personal Ambrose,
Títulos u otras palabras asociadas al nombre Saint, Bishop of Milan,
Fechas asociadas con el nombre -397.
Término relacionador autor
240 10 - TITULO UNIFORME
Título uniforme <a href="Expositio in evangelium S. Lucae.">Expositio in evangelium S. Lucae.</a>
245 10 - TÍTULO
Título del Material Exposition of the holy gospel according to Saint Luke
Parte restante del título - Subtitulo : with, fragments on the prophecy of Esaias /
Mención de responsabilidad, etc. Saint Ambrose of Milan ; traducido por Theodosia Tomkinson.
246 3# - FORMA VARIANTE DEL TITULO
Título propiamente dicho/forma breve del título Exposition of the holy gospel according to St. Luke ; with, fragments on the prophecy of Esaias.
250 ## - MENCIÓN DE EDICIÓN
Mención de edición segunda edición
264 #1 - PRODUCCIÓN, PUBLICACIÓN, DISTRIBUCIÓN, MANUFACTURA, Y COPYRIGHT
Lugar de producción, publicación, distribución, manufactura Etna, Calif. :
Nombre del productor, publicador, distribuidor Center for Traditionalist Orthodox Studies,
Fecha de producción, publicación, distribución, manufactura, o copyright [1998]
264 #4 - PRODUCCIÓN, PUBLICACIÓN, DISTRIBUCIÓN, MANUFACTURA, Y COPYRIGHT
Fecha de producción, publicación, distribución, manufactura, o copyright © 1998
300 ## - DESCRIPCIÓN FÍSICA
Extensión 457 páginas :
Otros detalles físicos ilustraciones ;
Dimensiones 22 cm.
336 ## - TIPO DE CONTENIDO
Término de tipo de contenido texto
Código de tipo de contenido txt
Fuente rdacontent.
337 ## - TIPO DE MEDIO
Nombre del tipo de medio sin mediación
Código del tipo de medio n
Fuente rdamedia.
338 ## - TIPO DE SOPORTE
Nombre del tipo de soporte volumen
Código Tipo de soporte nc
Fuente rdacarrier.
504 ## - NOTA DE BIBLIOGRAFÍA, ETC.
Nota de bibliografía, etc Incluye referencias bibliográficas.
505 ## - NOTA DE CONTENIDO
Nota de contenido con formato preestablecido Fragmentos de la profecía de Isaías. -- Expositio en evangelium S. Lucae. -- Exposición del santo evangelio según san Lucas; Con fragmentos de la profecía de Isaías
563 ## - NOTA DE ENCUADERNACIÓN
Nota de encuadernación Rústico
630 #7 - TITULO UNIFORME
Título uniforme Biblia.
Subdivisión de forma Lucas
Subdivisión de materia general Crítica, interpretación, etc.
700 1# - ASIENTO SECUNDARIO - NOMBRE PERSONAL
Nombre personal Tomkinson, Theodosia.
Responsabilidad traductor
942 ## - TIPO DE MATERIAL (KOHA)
Tipo de Item KOHA Libros General
945 ## - INFORMACIÓN LOCAL DEL REGISTRO
Catalogador JTF-925
Revisión registro AEM-53
Existencias
Estado de Material Estado de Perdido Forma de Clasificación Estado de Dañado No para Préstamo Colección Biblioteca de Origen Biblioteca Permanente Fecha de Adquisición Área Total de Préstamos Signatura Topográfica Código de Barras Última vez visto Ejemplar/Existencia Fecha de Remplazo Tipo de Material
    Dewey Decimal Classification     Colección General Biblioteca FUSBC Biblioteca FUSBC 22/06/2020 BIBLIA   G 226.407 A496e 13208 15/11/2022 Ej.1 22/06/2020 Libros General

Biblioteca FUSBC | Teléfono: (57+4) 349 88 10 Ext. 141| WhatsApp (+57) 3005338115 
E-mail: biblioteca@unisbc.edu.co | Calle 76 87-14 Robledo Palenque, Medellín, Colombia

Con tecnología Koha